Statistics for Countries That Speak Austronesian Languages

Click here to take the quiz!

General Stats

  • This quiz has been taken 170 times
  • The average score is 16 of 17

Answer Stats

LanguageCountry% Correct
IndonesianIndonesia
100%
MalayMalaysia
100%
FijianFiji
98%
MarshalleseMarshall Islands
98%
PalauanPalau
98%
FilipinoPhilippines
98%
SamoanSamoa
98%
TonganTonga
98%
TuvaluanTuvalu
98%
NauruanNauru
97%
MāoriNew Zealand
97%
MalayBrunei
96%
MalaySingapore
92%
MalagasyMadagascar
88%
GilberteseKiribati
86%
TetunEast Timor
82%
Hiri MotuPapua New Guinea
81%

Score Distribution

Percentile by Number Answered

Percent of People with Each Score

Your Score History

You have not taken this quiz